000 00472nam a2200145 4500
008 151102b xxu||||| |||| 00| 0 eng d
020 _a1893910377
050 _aSPE RC 899 .K38 2006
100 _aKatz, Aaron E.
_d2006.
245 _aDR. Katz's guide to prostrate health.
_cAaron E. Katz.
260 _aCanada;
_bFreedom press,
_c2006.
300 _a255 p.
_bIncludes index.
650 _aProstrate health.
942 _2lcc
_cBOOKS
_hSPE RC 899 .K38 2006
999 _c9770
_d9770